Normal view
MARC view
- Mathematical linguistics
Entry Topical Term
001 - CONTROL NUMBER
- control field: 14814
003 - CONTROL NUMBER IDENTIFIER
- control field: OSt
005 - DATE AND TIME OF LATEST TRANSACTION
- control field: 20260128160843.0
008 - FIXED-LENGTH DATA ELEMENTS
- fixed length control field: 260128|| aca||aabn | a|a d
040 ## - CATALOGING SOURCE
- Original cataloging agency: OSt
- Transcribing agency: OSt
150 ## - HEADING--TOPICAL TERM
- Topical term or geographic name entry element: Mathematical linguistics
670 ## - SOURCE DATA FOUND
- Source citation: Work cat.: (OSt)5875: Langendoen, D. Terence. 14813, The vastness of natural languages /, c1985, c1984.